| 000 | 01546nam a2200277Ia 4500 | ||
|---|---|---|---|
| 999 |
_c54714 _d54714 |
||
| 001 | 21781 | ||
| 003 | GE_BSU | ||
| 005 | 20220408173616.0 | ||
| 008 | 181216s ||||ge |||||||||||||| ||geo|| | ||
| 020 | _a9994031325 | ||
| 040 | _cGE_BSU | ||
| 041 | _ageo | ||
| 080 | _a821.14'01.09+821.124.09 ა-70 | ||
| 245 |
_aანტიკური ლიტერატურა : _bსაუნივერსიტეტო კურსი / _cრისმაგ გორდეზიანისა და ნანა ტონიას საერთო რედაქციით. |
||
| 264 |
_aთბილისი : _bლოგოსი, _c2005 [2006]. |
||
| 300 |
_a483 გვ. ; _c29სმ. |
||
| 490 | _aპროგრამა "ლოგოსი" პუბლ. და ღონისძ. კლასიკ. ფილოლ., ბიზანტ. და ნეოგრეც. სფეროში | ||
| 504 | _aბიბლიოგრაფია გვ. : 434-470 | ||
| 541 | _h20ლ. | ||
| 653 | _aანტიკური ლიტერატურა | ||
| 653 | _aბერძნული ლიტერატურა | ||
| 653 | _aძველი ბერძნული ლიტერატურა, ისტორია და კრიტიკა | ||
| 710 |
_aთსუ _913656 |
||
| 710 |
_aკლასიკური ფილოლოგიის, ბიზანტინისტიკისა და ნეოგრეცისტიკის ინსტიტუტი _913655 |
||
| 942 |
_cBK _2udc |
||